NBA Team quizzes New Orleans Pelicans - Statistics

General Stats
  • This quiz has been taken 30 times
  • The average score is 10 of 12
Answer Stats
Hint Answer % Correct
scoring leader Anthony Davis
100%
rebounds leader Anthony Davis
97%
how many rings do they have 0
93%
how many finals appearances do they have 0
93%
how many jerseys have they retired 1
93%
assists leader Chris Paul
93%
steals leader Chris Paul
93%
blocks leader Anthony Davis
90%
when was their most recent ring (say never if they didn't win one) never
90%
What number did Chirs Paul wear 3
83%
what number did AD wear 23
79%
who was their most recent jersey retirement (say none if they didn't retire any) Pete Maravich
34%
No matching quizzes found
Score Distribution
Percent of People with Each Score
Percentile by Number Answered
Your Score History
You have not taken this quiz